000 00355nam a2200133Ia 4500
008 230411s9999 xx 000 0 und d
041 _aeng
082 _aP/610.7362/HOC/B05888
100 _aHockenberry M
245 _aWongs Nursing Care of Infants and Children
260 _bElsevier
_aPhiladelphia
_c2006
300 _a1990p
999 _c156354
_d156354